| 000 | 02174nam a2200469Ia 4500 | ||
|---|---|---|---|
| 001 | ebr10593745 | ||
| 003 | CaPaEBR | ||
| 006 | m u | ||
| 007 | cr cn||||||||| | ||
| 008 | 080919s2009 iluab sb s001 0 eng d | ||
| 010 | _z 2008041247 | ||
| 020 | _z0252034368 (cloth : alk. paper) | ||
| 020 | _z0252076672 (pbk.) | ||
| 020 | _z9780252034367 (cloth : alk. paper) | ||
| 020 | _z9780252076671 (pbk.) | ||
| 020 | _z9780252091803 | ||
| 040 |
_aCaPaEBR _cCaPaEBR |
||
| 035 | _a(OCoLC)811410149 | ||
| 050 | 1 | 4 |
_aHD1527.M54 _bM37 2009eb |
| 082 | 0 | 4 |
_a331.5/440977 _222 |
| 100 | 1 |
_aMapes, Kathleen, _d1967- |
|
| 245 | 1 | 0 |
_aSweet tyranny _h[electronic resource] : _bmigrant labor, industrial agriculture, and imperial politics / _cKathleen Mapes. |
| 260 |
_aUrbana : _bUniversity of Illinois Press, _cc2009. |
||
| 300 |
_axi, 307 p. : _bill., maps. |
||
| 490 | 1 | _aThe working class in American history | |
| 504 | _aIncludes bibliographical references (p. [247]-300) and index. | ||
| 533 |
_aElectronic reproduction. _bPalo Alto, Calif. : _cebrary, _d2011. _nAvailable via World Wide Web. _nAccess may be limited to ebrary affiliated libraries. |
||
| 650 | 0 |
_aMigrant agricultural laborers _zMiddle West _xHistory _y20th century. |
|
| 650 | 0 |
_aChild migrant agricultural laborers _zMiddle West _xHistory _y20th century. |
|
| 650 | 0 |
_aAgricultural laborers, Foreign _zMiddle West _xHistory _y20th century. |
|
| 650 | 0 |
_aRural industries _zMiddle West _xHistory _y20th century. |
|
| 650 | 0 |
_aIndustrialization _zMiddle West _xHistory _y20th century. |
|
| 650 | 0 |
_aAgriculture and politics _zMiddle West _xHistory _y20th century. |
|
| 650 | 0 |
_aAgriculture _xEconomic aspects _zMiddle West _xHistory _y20th century. |
|
| 650 | 0 |
_aImperialism _xHistory _y20th century. |
|
| 651 | 0 |
_aMiddle West _xRural conditions. |
|
| 651 | 0 |
_aUnited States _xEmigration and immigration _xGovernment policy _xHistory _y20th century. |
|
| 655 | 7 |
_aElectronic books. _2local |
|
| 710 | 2 | _aebrary, Inc. | |
| 830 | 0 | _aWorking class in American history. | |
| 856 | 4 | 0 |
_uhttp://site.ebrary.com/lib/rucke/Doc?id=10593745 _zAn electronic book accessible through the World Wide Web; click to view |
| 999 |
_c216556 _d216556 |
||